000
00424nam a2200133Ia 4500
008
100328s9999 xx 000 0 und d
082
_b
65199
100
_a
दळवी प्रदीप.
245
_a
सागरा अगस्ती आला.
260
_b
सानिया.
630
_a
सागरा अगस्ती आला.
730
_a
सागरा अगस्ती आला.
942
_c
BOOK
999
_c
550947
_d
550944